00653 2200277 4500001002100000005001500021035002000036007000300056008004100059020002200100082001400122084002000136100001800156245003100174260003000205300003900235650002100274990001000295990001000305990001000315990001000325990001000335990001000345990001000355990001000365INLIS00000000000931420190829022511 a0010-0819000031ta190829 d h ind  a978-602-1318-34-8 a899.221 3 a899.221 3 RUS a0 aRusdi Mathari1 aALEPPO :bKumpulan Catatan aSleman :bEA Books,c2016 axii+295 hlm :bilus. ;c13 x 19 cm aKumpulan Catatan a53295 a53290 a53291 a53292 a53293 a53294 a53296 a53297